000
00465nam a2200169Ia 4500
008
090711s9999 xx 000 0 und d
082
_b
327
100
_a
पै शिरीष
245
_a
कमलपत्र
260
_b
मनोरमा प्रकाशन
_c
1998
300
_a
190
600
_a
पै शिरीष
630
_a
कमलपत्र
700
_a
पै शिरीष
730
_a
कमलपत्र
942
_c
BOOK
999
_c
330702
_d
330702